| 000 | 00493nam a2200169 i 4500 | ||
|---|---|---|---|
| 001 | 81012 | ||
| 003 | ES-MaACL | ||
| 005 | 20230906174340.0 | ||
| 007 | t| | ||
| 008 | 041102s1971 sp ||||1| spa d | ||
| 100 | 1 |
_aHolzmiller, Joseph. _964098 |
|
| 245 | 1 | 3 |
_aLa economÃa al alcance de todos / _cJoseph Holzmiller y Alfredo Roselli. |
| 260 |
_aBarcelona : _bDe Vecchi, _c[1971] |
||
| 300 |
_a331 p. ; _c19 cm. |
||
| 700 | 1 |
_aRoselli, Alfredo. _999691 |
|
| 852 |
_aES-MaACL _jC-49090 _bR.80065 |
||
| 999 |
_c81012 _d81012 |
||